000 00768nam a22002417a 4500
999 _c33758
_d33758
001 3046
003 CO-MdFUSB
005 20180622073129.0
008 180420n[ ] sp ||||| |||| 00| 0 spa d
020 _a84-7228-169-8
040 _aCO-MdFUSB
_bspa
_cCO-MdFUSB
_dCO-MdFUSBC
_erda
041 0 _aspa
082 0 4 _aG 228 B243e
100 1 _aBarchuk, Iván (1903-)
_eautor
245 0 _aExplicación del libro de Apocalipsis
_c/ Iván Barchuk ; José A. Holowaty, Traductor
264 1 _aTerrassa, Barcelona, España :
_bCLIE,
_c[fecha desconocida]
300 _a397 Pag
336 _2rdacontent
_atexto
_btxt
337 _2rdamedia
_asin mediación
_bn
338 _2rdacarrier
_avolumen
_bnc
653 _aInterpretación de la Biblia N.T. - Apocalipsis
942 _cBK